000 00284nam a22001337a 4500
008 171221b xxu||||| |||| 00| 0 eng d
020 _a9781561340651
041 _aeng
080 _a37
100 _a46
101 _aEDU
245 _aIN THE CLASSROOM
_cREED,A.J
942 _2udc
_cBK
999 _c39282
_d39282